| 000 | 00895nam a22002417a 4500 | ||
|---|---|---|---|
| 005 | 20151023125101.0 | ||
| 010 | _aENG-114006 | ||
| 020 |
_c450.00 _a0199460825 |
||
| 020 |
_c450.00 _a9780199460823 |
||
| 035 | _aEN-97538 | ||
| 037 |
_bDBAD/PUB _adpl |
||
| 082 | _a915.4045 | ||
| 100 | _aJohnsingh, A.J.T. | ||
| 245 |
_aWalking the Western Ghats / _cby A.J.T. Johnsingh |
||
| 260 |
_aNew Delhi _b Bombay Natural History Society and Oxford University Press _c2015 |
||
| 270 |
_aYMCA Library Building, 1, Jai Singh Road, _bNew Delhi _e110001 |
||
| 300 |
_axiv,149p.: _c23cm(Hb) _bill.(col),maps |
||
| 500 | _aIncludes bibliographical references (pages 147-149). | ||
| 600 |
_a Johnsingh, A. J. T. _xTravel _zWestern Ghats. |
||
| 650 |
_a Johnsingh, A. J. T. _xTravel _zWestern Ghats. |
||
| 710 | _a Bombay Natural History Society, | ||
| 942 |
_2ddc _cEN _mJOH _h915.4045 |
||
| 999 |
_c96672 _d96672 |
||